Instalación de paneles solares térmicos (Registro nro. 11515)
[ vista simple ]
| 000 -Cabecera | |
|---|---|
| Campo de control de longitud fija | 00743nam a22002777a 4500 |
| 005 - Fecha y hora de la última transacción | |
| Campo de control | 20250818135739.0 |
| 008 - Elementos de longitud fija--Información general | |
| Campo de control de longitud fija | 190114b xxu||||| |||| 00| 0 spa d |
| 020 ## - International Standard Book Number | |
| Número Internacional Estándar del Libro (ISBN) | 9789701513989 |
| 041 ## - Idioma | |
| Código de idioma | Español |
| 082 ## - Clasificación Decimal Dewey | |
| Número de clasificación | 333.792.2 P426i3 |
| 100 ## - Entrada principal--Autor personal | |
| Nombre personal | Perales Benito, Tomás |
| 9 (RLIN) | 51371 |
| 245 ## - Título propiamente dicho | |
| Título | Instalación de paneles solares térmicos |
| 250 ## - Edición | |
| Mención de edición | 3 edición |
| 260 ## - Pie de imprenta | |
| Lugar de publicación, distribución, etc. | México |
| 260 ## - Pie de imprenta | |
| Nombre del editor, distribuidor, etc. | Alfaomega |
| 260 ## - Pie de imprenta | |
| Fecha de publicación, distribución, etc. | 2008 |
| 300 ## - Descripción física | |
| Extensión | 160 páginas |
| 490 ## - Serie | |
| Título de la Serie | Electrónica |
| 650 ## - Materia general | |
| Temática (materia general) | ENERGÍA SOLAR |
| 650 ## - Materia general | |
| Temática (materia general) | FUENTE ENERGÉTICA |
| 650 ## - Materia general | |
| Temática (materia general) | COMPONENTES DE LAS INSTALACIONES |
| 650 ## - Materia general | |
| Temática (materia general) | DIMENSIONES DE INSTALACIÓN |
| 650 ## - Materia general | |
| Temática (materia general) | PROYECTOS DE INSTALACIÓN |
| 650 ## - Materia general | |
| Temática (materia general) | SEGURIDAD E HIGIENE |
| 942 ## - Punto de acceso adicional KOHA | |
| Tipo de ítem KOHA | Libro |
| Fuente del sistema de clasificación o colocación | Dewey Decimal Classification |
| Signatura completa | Código de barras | Programa Académico | Tipo de ítem |
|---|---|---|---|
| 333.792.2 P426i3 | 23840 | Electrónica | Libro |